[Event "IECC P-4271"]
[Site "IECC email"]
[Date "2007.01.08"]
[Round "?"]
[White "Mauro, Danilo"]
[Black "Manole, Gheorghe F"]
[Result "0-1"]
[WhiteElo "1495"]
[BlackElo "1787"]
[PlyCount "54"]
[EventDate "2007.??.??"]
[EventType "tourn (corr)"]
[EventRounds "1"]
[SourceTitle "Corr 2008"]
[Source "ChessBase"]
[SourceDate "2008.06.24"]
[SourceVersion "1"]
[SourceVersionDate "2008.06.24"]
[SourceQuality "1"]
[WhiteTeam "Italy"]
[BlackTeam "Romania"]
[WhiteTeamCountry "ITA"]
[BlackTeamCountry "ROU"]

1. e4 c5 2. Nf3 d6 3. d4 cxd4 4. Nxd4 Nf6 5. Nc3 a6 6. Be3 e5 7. Nf3 Be7 8. Bc4 0-0 9. 0-0 Nc6 10. Bg5 Be6 11. Bb3 Na5 12. Bxf6 Bxf6 13. Nd5 Nxb3 14. axb3 Be7 15. c4 f5 16. Qd3 fxe4 17. Qxe4 Bf5 18. Qe3 Rc8 19. h3 Kh8 20. Rfd1 Bf6 21. Nc3 Bg6 22. Ne4 Rc6 23. c5 d5 24. Nxf6 gxf6 25. Nxe5 fxe5 26. Qxe5+ Qf6 27. Rxd5 Qxe5 0-1

[Event "P-4161"]
[Site "IECC email"]
[Date "2006.06.06"]
[Round "?"]
[White "Myatt, John R"]
[Black "Manole, Gheorghe F"]
[Result "0-1"]
[WhiteElo "1475"]
[BlackElo "1776"]
[PlyCount "58"]
[EventDate "2006.??.??"]
[EventType "tourn (corr)"]
[SourceTitle "Corr 2020"]
[Source "ChessBase"]
[SourceDate "2019.09.30"]
[SourceVersion "1"]
[SourceVersionDate "2019.09.30"]
[SourceQuality "1"]
[WhiteTeam "United States"]
[BlackTeam "Romania"]
[WhiteTeamCountry "USA"]
[BlackTeamCountry "ROU"]

1. e4 c5 2. d4 cxd4 3. c3 dxc3 4. Nxc3 Nc6 5. Nf3 e6 6. Bc4 a6 7. 0-0 Nge7 8. Bg5 f6 9. Be3 b5 10. Bb3 Ng6 11. Nd4 Nxd4 12. Qxd4 Bb7 13. f4 Rc8 14. f5 Bc5 15. Qd2 Ne5 16. Bxc5 Rxc5 17. fxe6 dxe6 18. Qxd8+ Kxd8 19. Bxe6 Ke7 20. Bd5 Bc8 21. Rad1 h5 22. a4 b4 23. Na2 a5 24. Rf2 Bd7 25. b3 Rhc8 26. h3 g5 27. Rdf1 Rc2 28. Kh2 h4 29. Kg1 g4 0-1

[Event "P-4087"]
[Site "IECC email"]
[Date "2006.02.14"]
[Round "?"]
[White "Brophy, Craig"]
[Black "Manole, Gheorghe F"]
[Result "1/2-1/2"]
[WhiteElo "1939"]
[BlackElo "1768"]
[PlyCount "46"]
[EventDate "2006.??.??"]
[EventType "tourn (corr)"]
[SourceTitle "Corr 2020"]
[Source "ChessBase"]
[SourceDate "2019.09.30"]
[SourceVersion "1"]
[SourceVersionDate "2019.09.30"]
[SourceQuality "1"]
[WhiteTeam "United States"]
[BlackTeam "Romania"]
[WhiteTeamCountry "USA"]
[BlackTeamCountry "ROU"]

1. d4 Nf6 2. c4 e6 3. Nc3 Bb4 4. Qc2 0-0 5. e4 d5 6. e5 Ne4 7. a3 Bxc3+ 8. bxc3 c5 9. Bd3 cxd4 10. cxd4 Qa5+ 11. Kf1 Nc6 12. Ne2 f6 13. Bxe4 dxe4 14. exf6 Rxf6 15. Be3 b6 16. Qxe4 Qa4 17. Rc1 Ba6 18. Kg1 Raf8 19. Nf4 Bb7 20. h3 Qxa3 21. c5 Nd8 22. Qe5 Nc6 23. Qe4 Nd8 1/2-1/2

[Event "IECC P-4003"]
[Site "IECC email"]
[Date "2005.09.18"]
[Round "?"]
[White "Roberts, Allan"]
[Black "Manole, Gheorghe F"]
[Result "0-1"]
[WhiteElo "1460"]
[BlackElo "1763"]
[PlyCount "76"]
[EventDate "2005.??.??"]
[EventType "tourn (corr)"]
[EventRounds "1"]
[SourceTitle "Corr 2008"]
[Source "ChessBase"]
[SourceDate "2008.06.24"]
[SourceVersion "1"]
[SourceVersionDate "2008.06.24"]
[SourceQuality "1"]

1. d4 Nf6 2. c4 e6 3. Nc3 Bb4 4. Bg5 c5 5. d5 h6 6. Bh4 d6 7. f3 Bxc3+ 8. bxc3 Qe7 9. e4 Nbd7 10. Nh3 e5 11. Nf2 Nf8 12. Ng4 Bxg4 13. Bxf6 Qxf6 14. fxg4 h5 15. g3 h4 16. Qd3 0-0-0 17. Bh3 Kb8 18. 0-0-0 hxg3 19. hxg3 Nd7 20. Rdf1 Qg6 21. Rf5 Nb6 22. Kc2 f6 23. Kb3 Rh7 24. Qf1 Qe8 25. Kb2 Qa4 26. Rf2 Rdh8 27. Bg2 Nxc4+ 28. Kb1 Rxh1 29. Bxh1 Ne3 30. Qg1 Qd1+ 31. Qxd1 Nxd1 32. Rf1 Nxc3+ 33. Kc2 Nxa2 34. g5 Rh2+ 35. Kb3 b5 36. gxf6 gxf6 37. Bf3 a5 38. Bg4 c4+ 0-1

[Event "P-3955"]
[Site "IECC email"]
[Date "2005.06.04"]
[Round "?"]
[White "Basson, Heinrich"]
[Black "Manole, Gheorghe F"]
[Result "0-1"]
[WhiteElo "1698"]
[BlackElo "1749"]
[PlyCount "98"]
[EventDate "2005.??.??"]
[EventType "tourn (corr)"]
[SourceTitle "Corr 2020"]
[Source "ChessBase"]
[SourceDate "2019.09.30"]
[SourceVersion "1"]
[SourceVersionDate "2019.09.30"]
[SourceQuality "1"]
[WhiteTeam "South Africa"]
[BlackTeam "Romania"]
[WhiteTeamCountry "RSA"]
[BlackTeamCountry "ROU"]

1. e4 c5 2. Nf3 d6 3. d4 cxd4 4. Nxd4 Nf6 5. Nc3 a6 6. Be2 e5 7. Nf3 h6 8. 0-0 Be6 9. Be3 Be7 10. Qd2 Nbd7 11. Rfd1 Ng4 12. Nd5 Bxd5 13. exd5 0-0 14. c4 Rc8 15. Re1 f5 16. h3 Nxe3 17. Qxe3 Bf6 18. Rad1 a5 19. a3 a4 20. Qd2 Nc5 21. Qb4 e4 22. Nd4 Bxd4 23. Rxd4 Qh4 24. Qc3 Rce8 25. Bd1 f4 26. Bc2 f3 27. Re3 Rf4 28. gxf3 Ref8 29. Bxe4 Nb3 30. Kf1 Nxd4 31. Qxd4 Qxh3+ 32. Ke2 Qg2 33. c5 dxc5 34. Qxa4 b5 35. Qc2 c4 36. b3 Rh4 37. bxc4 bxc4 38. Qxc4 Rh1 39. Kd2 Qxf2+ 40. Re2 Qg1 41. Qc3 h5 42. Kd3 h4 43. Qb4 Qd1+ 44. Rd2 Rxf3+ 45. Bxf3 Qxf3+ 46. Kc2 Qf5+ 47. Kc3 Rc1+ 48. Kd4 Qf4+ 49. Kd3 Qg3+ 0-1